Đặc điểm truyền thuyết tại Phú Quốc - Kiên Giang : Luận văn Thạc sĩ. Chuyên ngành Văn học Việt Nam

Khái quát về Phú Quốc và truyền thuyết tại Phú Quốc, đặc điểm nội dung và đặc điểm thi pháp truyền thuyết tại Phú Quốc.

Wedi'i Gadw mewn:
Manylion Llyfryddiaeth
Prif Awdur: Nguyễn, Thị Ngọc Yến
Fformat: Llyfr
Iaith:Undetermined
Cyhoeddwyd: Cần Thơ Trường Đại học Cần Thơ 2019
Pynciau:
Tagiau: Ychwanegu Tag
Dim Tagiau, Byddwch y cyntaf i dagio'r cofnod hwn!
Thư viện lưu trữ: Trung tâm Học liệu Trường Đại học Cần Thơ
LEADER 01012nam a2200217Ia 4500
001 CTU_231586
008 210402s9999 xx 000 0 und d
082 |a 398.209597 
082 |b Y603 
088 |a 8220121 
100 |a Nguyễn, Thị Ngọc Yến 
245 0 |a Đặc điểm truyền thuyết tại Phú Quốc - Kiên Giang : 
245 0 |b Luận văn Thạc sĩ. Chuyên ngành Văn học Việt Nam 
245 0 |c Nguyễn Thị Ngọc Yến ; Trần Văn Nam (Cán bộ hướng dẫn) 
260 |a Cần Thơ 
260 |b Trường Đại học Cần Thơ 
260 |c 2019 
520 |a Khái quát về Phú Quốc và truyền thuyết tại Phú Quốc, đặc điểm nội dung và đặc điểm thi pháp truyền thuyết tại Phú Quốc. 
650 |a Folk literature, Vietnamese,Văn học dân gian Việt Nam 
910 |b nthai 
980 |a Trung tâm Học liệu Trường Đại học Cần Thơ